| Tag |
First Indicator |
Second Indicator |
Subfields |
| LEADER |
00000cam a2200000Ii 4500 |
| 001 |
in00003774575 |
| 005 |
20191106111201.0 |
| 007 |
cr cn|---||||| |
| 007 |
ta |
| 008 |
150520t20152015dcuab bt 000 0 eng d |
| 019 |
|
|
|a 911047034
|a 911402415
|a 926098142
|
| 020 |
|
|
|a 9780309308595
|
| 020 |
|
|
|a 0309308593
|
| 035 |
|
|
|a (OCoLC)ocn909579228
|
| 035 |
|
|
|a (OCoLC)909579228
|z (OCoLC)911047034
|z (OCoLC)911402415
|z (OCoLC)926098142
|
| 040 |
|
|
|a JCR
|b eng
|e rda
|c JCR
|d JCR
|d DMY
|d OKU
|d UIU
|d JCR
|d OCLCF
|d WAU
|d UWW
|d TXA
|d UtOrBLW
|
| 043 |
|
|
|a n-us---
|
| 049 |
|
|
|a TXAM
|
| 050 |
|
4 |
|a TE215
|b .M34 2015
|
| 090 |
|
|
|a TE7
|b .N25 no.801
|
| 100 |
1 |
|
|a Maher, Michael
|q (Michael L. J.),
|e author.
|0 http://id.loc.gov/authorities/names/no2015067271
|
| 245 |
1 |
0 |
|a Proposed practice for alternative bidding of highway drainage systems /
|c Michael Maher, Gregory Hebeler, Andrew Fuggle, Colby Caywood, Kenneth Avery, Joseph VanKerkhove, Ian D. Moore.
|
| 264 |
|
1 |
|a Washington, D.C. :
|b Transportation Research Board,
|c 2015.
|
| 300 |
|
|
|a 135 pages :
|b illustrations, map ;
|c 28 cm.
|
| 336 |
|
|
|a text
|b txt
|2 rdacontent
|
| 336 |
|
|
|a still image
|b sti
|2 rdacontent
|
| 336 |
|
|
|a cartographic image
|b cri
|2 rdacontent
|
| 337 |
|
|
|a unmediated
|b n
|2 rdamedia
|
| 338 |
|
|
|a volume
|b nc
|2 rdacarrier
|
| 490 |
1 |
|
|a NCHRP report,
|x 0077-5614 ;
|v 801
|
| 500 |
|
|
|a At head of the title: National Cooperative Highway Research Program.
|
| 536 |
|
|
|a Research sponsored by the American Association of State Highway and Transportation Officials in cooperation with the Federal Highway Administration
|f NCHRP project 10-86
|
| 520 |
8 |
|
|a "TRB's National Cooperative Highway Research Program (NCHRP) Report 801: Proposed Practice for Alternative Bidding of Highway Drainage Systems explores the application of a performance-based process for selection of drainage pipe systems. The selection process is based on satisfying performance criteria for the drainage system while considering the full range of suitable pipe materials." -- Publisher's description.
|
| 504 |
|
|
|a Includes bibliographical references.
|
| 505 |
0 |
|
|a chapter 1. Background -- chapter 2. Research approach -- chapter 3. State of the practice summary -- chapter 4. Summary of gaps in knowledge and practice -- chapter 5. Introduction to the recommended practice -- chapter 6. Preparatory agency actions prior to implementation of the recommended practice -- chapter 7. Project definition -- chapter 8. Hydraulic evaluation -- chapter 9. Structural evaluation -- chapter 10. Durability evaluation -- chapter 11. Final check and policy application -- chapter 12. Results and bidding -- chapter 13. Installation, maintenance, and tracking -- chapter 14. Implementation of the recommended practice -- chapter 15. Future and parallel research -- chapter 16. -- Conclusions -- Bibliography -- appendix A. Recommended practice for bidding alternative drainage pipe systems -- appendix B. Worked example of the recommended practice -- appendix C. Summary of durability evaluation methods.
|
| 530 |
|
|
|a Also available online.
|
| 650 |
|
0 |
|a Road drainage
|z United States
|x Design and construction.
|
| 650 |
|
0 |
|a Road construction contracts
|z United States.
|0 http://id.loc.gov/authorities/subjects/sh2010111091
|
| 650 |
|
7 |
|a Drainage structures.
|2 trt
|
| 650 |
|
7 |
|a Performance based specifications.
|2 trt
|
| 650 |
|
7 |
|a Competitive bidding.
|2 trt
|
| 650 |
|
7 |
|a Road construction contracts.
|2 fast
|0 (OCoLC)fst01098388
|
| 650 |
|
7 |
|a Road drainage
|x Design and construction.
|2 fast
|0 (OCoLC)fst01098423
|
| 651 |
|
7 |
|a United States.
|2 fast
|0 (OCoLC)fst01204155
|
| 700 |
1 |
|
|a Hebeler, Gregory,
|d 1978-
|e author.
|0 http://id.loc.gov/authorities/names/no2015078857
|
| 700 |
1 |
|
|a Fuggle, Andrew,
|e author.
|0 http://id.loc.gov/authorities/names/no2015078961
|
| 700 |
1 |
|
|a Caywood, Colby L.,
|e author.
|0 http://id.loc.gov/authorities/names/no2015069394
|
| 700 |
1 |
|
|a Avery, Kenneth R.,
|e author.
|0 http://id.loc.gov/authorities/names/no2007035725
|
| 700 |
1 |
|
|a VanKerkhove, Joseph,
|e author.
|0 http://id.loc.gov/authorities/names/no2015081990
|
| 700 |
1 |
|
|a Moore, Ian D.,
|e author.
|0 http://id.loc.gov/authorities/names/n80001630
|
| 710 |
2 |
|
|a National Research Council (U.S.).
|b Transportation Research Board,
|e issuing body.
|0 http://id.loc.gov/authorities/names/n79054571
|
| 710 |
2 |
|
|a National Cooperative Highway Research Program,
|e sponsoring body.
|0 http://id.loc.gov/authorities/names/n79042053
|
| 710 |
2 |
|
|a American Association of State Highway and Transportation Officials,
|e sponsoring body.
|0 http://id.loc.gov/authorities/names/n79007717
|
| 710 |
1 |
|
|a United States.
|b Federal Highway Administration,
|e sponsoring body.
|0 http://id.loc.gov/authorities/names/n79032921
|
| 776 |
0 |
8 |
|i Online version:
|a Maher, Michael (Michael L. J.).
|t Proposed practice for alternative bidding of highway drainage systems.
|d Washington, D.C. : Transportation Research Board, 2015
|z 9780309308595
|w (OCoLC)910673935
|
| 830 |
|
0 |
|a Report (National Cooperative Highway Research Program) ;
|v 801.
|0 http://id.loc.gov/authorities/names/n42029061
|
| 856 |
4 |
1 |
|u http://proxy.library.tamu.edu/login?url=http://onlinepubs.trb.org/onlinepubs/nchrp/nchrp_rpt_801.pdf
|t 0
|
| 948 |
|
|
|a cataloged
|b h
|c 2016/5/10
|d c
|e ceaton
|f 11:14:28 am
|
| 994 |
|
|
|a C0
|b TXA
|
| 999 |
f |
f |
|s 0fcee574-d055-3fdc-ad70-66c141c53ae1
|i 5cdf162e-4860-3435-be1e-9d16eba973e8
|t 0
|
| 952 |
f |
f |
|p normal
|a Texas A&M University
|b College Station
|c Sterling C. Evans Library
|d Evans: Library Stacks
|t 0
|e TE7 .N25 no.801
|h Library of Congress classification
|i unmediated -- volume
|m A14843500936
|
| 998 |
f |
f |
|a TE7 .N25 no.801
|t 0
|l Evans: Library Stacks
|